000 00318nam a2200145Ia 4500
100 _aMiah/M.A. Wazed
942 _cBK
654 _aelectromagnetic
245 _aFundamentals of electromagnetic
260 _bTata Mc Graw hill
_aDelhi
_c1992
082 _a539.2
300 _a608
546 _aENGLISH
999 _c24042
_d24042